[Event "SPICE Cup Open 2018"]
[Site "Saint Louis USA"]
[Date "2018.10.25"]
[Round "4.8"]
[White "Wang, Kevin"]
[Black "Escalante Ramirez, Brian Sebasti"]
[Result "1/2-1/2"]
[WhiteTitle "IM"]
[BlackTitle "IM"]
[WhiteElo "2447"]
[BlackElo "2442"]
[WhiteFideId "2008424"]
[BlackFideId "3819566"]
[EventDate "2018.10.23"]

1. d4 Nf6 2. Bg5 Ne4 3. Bf4 c5 4. f3 Nf6 5. dxc5 Qa5+ 6. Nc3 Qxc5 7. e4 d6 8.
Qd2 Be6 9. O-O-O Nbd7 10. g4 Nb6 11. Bb5+ Bd7 12. Be3 Qb4 13. a3 Qa5 14. Bxb6
Qxb6 15. Nd5 Nxd5 16. Bxd7+ Kxd7 17. Qxd5 e6 18. Qd3 Rd8 19. f4 Kc8 20. Nf3 Kb8
21. Ne5 Qc7 22. Rhf1 Rc8 23. Nf3 Be7 24. f5 Qc4 25. Kb1 Qxd3 26. Rxd3 Rc4 27. e5
Rxg4 28. exd6 Bf6 29. fxe6 fxe6 30. Re1 Re8 31. d7 Rd8 32. Rxe6 Kc7 33. Red6 Rc4
34. R6d5 Re4 35. Rc5+ Kb8 36. Rcd5 Kc7 1/2-1/2

[Event "SPICE Cup Open 2018"]
[Site "Saint Louis USA"]
[Date "2018.10.25"]
[Round "4.9"]
[White "Durarbayli, Vasif"]
[Black "Peng, David"]
[Result "1-0"]
[WhiteTitle "GM"]
[BlackTitle "FM"]
[WhiteElo "2629"]
[BlackElo "2341"]
[WhiteFideId "13402935"]
[BlackFideId "2059355"]
[EventDate "2018.10.23"]

1. d4 Nf6 2. c4 e6 3. Nf3 b6 4. g3 Ba6 5. Qb3 d5 6. cxd5 exd5 7. Bh3 Be7 8. Qa4+
c6 9. Bf4 Bb7 10. Ne5 O-O 11. O-O c5 12. Nd2 Qe8 13. Qxe8 Rxe8 14. dxc5 bxc5 15.
Nb3 Na6 16. Na5 Bc8 17. Bg2 Bd6 18. Nd3 Bxf4 19. Nxf4 Be6 20. Rfd1 Rab8 21. Rd2
Rb5 22. Nb3 Reb8 23. Bxd5 Nxd5 24. Nxd5 c4 25. Nc3 R5b6 26. Rad1 h6 27. Nd4 Rxb2
28. Nc6 Rxd2 29. Rxd2 Rb7 30. Rd8+ Kh7 31. Ra8 Rb6 32. Nd4 Rb7 33. Nc6 Rb6 34.
Nd8 Rb8 35. Rxb8 Nxb8 36. f4 Kg6 37. Kf2 Bc8 38. e4 Nd7 39. Nc6 1-0

[Event "SPICE Cup Open 2018"]
[Site "Saint Louis USA"]
[Date "2018.10.25"]
[Round "4.10"]
[White "Wang, Justin"]
[Black "Chandra, Akshat"]
[Result "1-0"]
[WhiteTitle "FM"]
[BlackTitle "GM"]
[WhiteElo "2377"]
[BlackElo "2471"]
[WhiteFideId "30911370"]
[BlackFideId "25006711"]
[EventDate "2018.10.23"]

1. e4 c5 2. Nf3 d6 3. d4 cxd4 4. Nxd4 Nf6 5. Nc3 a6 6. Be3 e5 7. Nb3 Be6 8. f3
h5 9. Qd2 Nbd7 10. Nd5 Bxd5 11. exd5 g6 12. Be2 Bg7 13. O-O b6 14. Rae1 O-O 15.
c4 Qc7 16. Na1 b5 17. Rc1 Qb8 18. Nb3 Nb6 19. Na5 bxc4 20. Nc6 Qb7 21. Bxc4 Nxc4
22. Rxc4 Rfe8 23. Rb4 Qd7 24. Bg5 Nh7 25. Bh4 f5 26. Re1 f4 27. Qd3 g5 28. Bf2
Qf7 29. Qb3 Kh8 30. Rb7 Qg6 31. Rc1 Rac8 32. Qc4 Qf6 33. Qe2 Qg6 34. Qd1 Qf6 35.
h3 Rf8 36. Rd7 Rfe8 37. Ra7 Ra8 38. Rb7 Rec8 39. Rc3 Nf8 40. Qc2 Qg6 41. Qc1 Qf6
42. Qd1 Ng6 43. Qc2 Rf8 44. Na5 Rf7 45. Rc6 Ne7 46. Rcc7 Raf8 47. Qe4 Ng8 48.
Rc6 Qd8 49. Rxf7 Rxf7 50. Nc4 Rd7 51. Bb6 Qf6 52. Bc5 Bf8 53. Bb4 Qd8 54. Qg6
Rg7 55. Qxh5+ Rh7 56. Qg4 Nf6 57. Qe6 Qe7 58. Bxd6 Qxe6 59. dxe6 Bxd6 60. Nxd6
Kg7 61. e7 Rh8 62. Rxa6 Rb8 63. b4 Ne8 64. Nxe8+ Rxe8 65. Re6 1-0

[Event "SPICE Cup Open 2018"]
[Site "Saint Louis USA"]
[Date "2018.10.25"]
[Round "4.11"]
[White "Ostrovskiy, Aleksandr"]
[Black "Kiewra, Keaton"]
[Result "1-0"]
[WhiteTitle "IM"]
[BlackTitle "IM"]
[WhiteElo "2423"]
[BlackElo "2375"]
[WhiteFideId "2034239"]
[BlackFideId "2019280"]
[EventDate "2018.10.23"]

1. e4 c5 2. Nf3 e6 3. d4 cxd4 4. Nxd4 Nc6 5. Nc3 a6 6. Be3 Nf6 7. Qf3 Qc7 8.
O-O-O Ne5 9. Qg3 b5 10. f4 Nc4 11. Bxc4 Qxc4 12. e5 Nd5 13. Nxd5 Qxd5 14. Nf5
Qe4 15. Nd6+ Bxd6 16. exd6 Bb7 17. Bd4 Qg6 18. Bxg7 Qxg3 19. hxg3 Rg8 20. Rxh7
Bxg2 21. Bf6 Rc8 22. Rd2 Be4 23. Rh6 1-0

[Event "SPICE Cup Open 2018"]
[Site "Saint Louis USA"]
[Date "2018.10.25"]
[Round "4.12"]
[White "Colas, Joshua"]
[Black "Santarius, Erik"]
[Result "0-1"]
[WhiteTitle "FM"]
[BlackTitle "IM"]
[WhiteElo "2334"]
[BlackElo "2404"]
[WhiteFideId "2044447"]
[BlackFideId "2025817"]
[EventDate "2018.10.23"]

1. Nf3 d5 2. c4 e6 3. g3 dxc4 4. Qa4+ Bd7 5. Qxc4 c5 6. Bg2 Bc6 7. O-O Nf6 8. b3
Be7 9. Bb2 O-O 10. d3 Nbd7 11. Nbd2 Qc7 12. Qc2 Rac8 13. Nc4 Rfd8 14. e4 b6 15.
Rad1 Bb7 16. Nfe5 b5 17. Nxd7 Nxd7 18. Ne3 Bf6 19. Bxf6 Nxf6 20. f4 Qb6 21. Qf2
Rc7 22. g4 Rcd7 23. g5 Nh5 24. f5 e5 25. f6 Nf4 26. fxg7 Qg6 27. h4 Qh5 28. Nf5
Bxe4 29. Ng3 Qg4 30. Nxe4 Nh3+ 31. Kh2 Nxf2 32. Nf6+ Kxg7 33. Nxg4 Nxg4+ 34. Kg3
Ne3 35. Rde1 Nxf1+ 36. Bxf1 f6 37. Re3 Rd4 38. gxf6+ Kxf6 39. Rf3+ Rf4 0-1

[Event "SPICE Cup Open 2018"]
[Site "Saint Louis USA"]
[Date "2018.10.25"]
[Round "4.13"]
[White "Grabinsky, Aaron"]
[Black "Ghazarian, Kirk"]
[Result "0-1"]
[WhiteElo "2375"]
[BlackElo "2222"]
[WhiteFideId "2087090"]
[BlackFideId "30908604"]
[EventDate "2018.10.23"]

1. d4 Nf6 2. Bf4 c5 3. e3 Nd5 4. Bxb8 Rxb8 5. e4 Nf6 6. e5 Nd5 7. c4 Nb4 8. d5
g6 9. f4 d6 10. a3 Na6 11. Nf3 Bg7 12. Nc3 O-O 13. Be2 dxe5 14. Nxe5 Bd7 15. O-O
Re8 16. Qd2 e6 17. Rad1 exd5 18. Nxd5 Be6 19. Bf3 f6 20. Nd3 b6 21. Rfe1 Kh8 22.
Ne3 Nc7 23. Qf2 Qc8 24. Bc6 Rd8 25. f5 Bxf5 26. Nxf5 Qxf5 27. Qxf5 gxf5 28. Re7
Ne8 29. Rde1 Nd6 30. Nf4 Bf8 31. Rxa7 Nxc4 32. Ne6 Rd6 33. Nxf8 Rxf8 34. Ree7
Rfd8 35. Rxh7+ Kg8 36. Ba4 Ne3 37. Rag7+ Kf8 38. h3 Rd2 39. Rg3 f4 40. Rg6 R8d6
41. Rh4 Kf7 42. Rgh6 Rxg2+ 43. Kh1 Rdd2 44. Rh7+ Ke6 45. Bb3+ c4 46. Bxc4+ Nxc4
47. Rxf4 Rh2+ 48. Kg1 Rdg2+ 49. Kf1 Ne3+ 50. Ke1 Re2# 0-1

[Event "SPICE Cup Open 2018"]
[Site "Saint Louis USA"]
[Date "2018.10.25"]
[Round "4.14"]
[White "Williams, Justus"]
[Black "Daggupati, Balaji"]
[Result "0-1"]
[WhiteTitle "FM"]
[BlackTitle "FM"]
[WhiteElo "2344"]
[BlackElo "2202"]
[WhiteFideId "2049929"]
[BlackFideId "2090759"]
[EventDate "2018.10.23"]

1. d4 d5 2. c4 c6 3. Nc3 Nf6 4. Nf3 e6 5. Qd3 dxc4 6. Qxc4 b5 7. Qd3 Be7 8. e4
b4 9. Na4 Ba6 10. Qc2 Bxf1 11. Kxf1 Qa5 12. b3 O-O 13. Be3 Nbd7 14. Rc1 Rfc8 15.
Nc5 Nxc5 16. dxc5 Nd7 17. g3 Rab8 18. Ne1 Rb5 19. Nd3 Qa6 20. Kg2 Rcb8 21. Rhd1
Qc8 22. Qc4 a5 23. Bd4 Qf8 24. h4 Rd8 25. Rf1 Bf6 26. e5 Be7 27. Be3 Nb8 28. Qe4
Qe8 29. Rc4 Na6 30. Rfc1 Rd5 31. Bd4 Qf8 32. Qe3 Nc7 33. Kh3 Rd7 34. Qe4 Rd5 35.
f3 Rb8 36. Nb2 Nb5 37. Be3 Nc3 38. R1xc3 bxc3 39. Na4 Qd8 40. Nb6 Rd1 41. Rxc3
Rh1+ 42. Kg4 Bxh4 43. f4 Qd1+ 44. Qf3 h5+ 0-1

[Event "SPICE Cup Open 2018"]
[Site "Saint Louis USA"]
[Date "2018.10.25"]
[Round "4.15"]
[White "Betaneli, Alexander"]
[Black "Moon, Benjamin"]
[Result "1/2-1/2"]
[WhiteTitle "FM"]
[WhiteElo "2272"]
[BlackElo "2304"]
[WhiteFideId "2012359"]
[BlackFideId "2064847"]
[EventDate "2018.10.23"]

1. c4 g6 2. g3 Bg7 3. Bg2 d6 4. Nc3 e5 5. e4 c6 6. Nge2 f5 7. d3 Nf6 8. O-O O-O
9. h3 f4 10. gxf4 Nh5 11. f5 gxf5 12. Ng3 Nf4 13. Bxf4 exf4 14. Nxf5 Bxf5 15.
exf5 Rxf5 16. Be4 Rg5+ 17. Kh2 Nd7 18. Rg1 Rxg1 19. Qxg1 Qb6 20. Rb1 f3 21. Bf5
Nf6 22. Re1 Re8 23. Rxe8+ Nxe8 24. Qg3 Qxb2 25. Ne4 Qe5 26. Qxe5 Bxe5+ 27. Kg1
h6 28. Bc8 b6 29. Bd7 Nf6 1/2-1/2

[Event "SPICE Cup Open 2018"]
[Site "Saint Louis USA"]
[Date "2018.10.25"]
[Round "4.16"]
[White "Shoykhet, Benjamin"]
[Black "Narayanan, Samrug"]
[Result "0-1"]
[WhiteElo "1855"]
[BlackElo "2145"]
[WhiteFideId "30919746"]
[BlackFideId "30914051"]
[EventDate "2018.10.23"]

1. c4 e6 2. g3 d5 3. Bg2 Nf6 4. Nf3 dxc4 5. Qa4+ Nbd7 6. Qxc4 Bd6 7. O-O O-O 8.
Qc2 c5 9. Nc3 a6 10. b3 Rb8 11. Bb2 b6 12. d4 Bb7 13. Rfd1 Qe7 14. Na4 Be4 15.
Qd2 Rfd8 16. dxc5 Nxc5 17. Nxc5 Bxc5 18. Qg5 Bg6 19. e3 Rxd1+ 20. Rxd1 Rd8 21.
Rxd8+ Qxd8 22. Bd4 h6 23. Qf4 Bb1 24. a4 Bc2 25. Bxc5 Qd1+ 26. Bf1 Bd3 27. Nd2
bxc5 28. Qd6 Nd5 29. e4 Qxd2 30. Bxd3 Qxd3 31. exd5 Qd1+ 32. Kg2 Qxd5+ 33. Qxd5
exd5 34. a5 Kf8 35. Kf3 Ke7 36. h4 Kd6 37. Kf4 c4 0-1

[Event "SPICE Cup Open 2018"]
[Site "Saint Louis USA"]
[Date "2018.10.25"]
[Round "4.17"]
[White "Watson, John"]
[Black "Gosdin, Kaleb"]
[Result "1-0"]
[WhiteTitle "IM"]
[WhiteElo "2203"]
[BlackElo "2029"]
[WhiteFideId "2000768"]
[BlackFideId "30920442"]
[EventDate "2018.10.23"]

1. c4 g6 2. d4 Bg7 3. e4 d6 4. Nc3 c6 5. Be3 a6 6. Nf3 b5 7. a3 Nd7 8. Rc1 Ngf6
9. h3 O-O 10. cxb5 cxb5 11. Bd3 Bb7 12. O-O Rc8 13. Qe2 Nb6 14. Nd2 Rc7 15. f3
Nfd7 16. Qf2 Qa8 17. Be2 Rfc8 18. Nb3 Nc4 19. Bxc4 Rxc4 20. Na5 R4c7 21. Qd2 Nb6
22. b3 Qb8 23. Na2 e6 24. d5 Rxc1 25. Rxc1 Rxc1+ 26. Qxc1 1-0

[Event "SPICE Cup Open 2018"]
[Site "Saint Louis USA"]
[Date "2018.10.25"]
[Round "4.18"]
[White "Polgar-Shutzman, Tom"]
[Black "Yanayt, Eugene"]
[Result "0-1"]
[BlackTitle "FM"]
[WhiteElo "2130"]
[BlackElo "2137"]
[WhiteFideId "2064880"]
[BlackFideId "2020165"]
[EventDate "2018.10.23"]

1. e4 c5 2. Nf3 e6 3. g3 Nc6 4. Bg2 Nf6 5. Nc3 d6 6. d4 cxd4 7. Nxd4 Bd7 8. O-O
a6 9. Be3 Qc7 10. a4 Ne5 11. Re1 Nc4 12. Bc1 Be7 13. b3 Na5 14. Bb2 O-O 15. Qd3
Rac8 16. Red1 Rfd8 17. Rac1 Qc5 18. Na2 b5 19. axb5 axb5 20. Bc3 Nc6 21. Nxc6
Bxc6 22. Bb4 Qb6 23. Nc3 Rd7 24. Qe2 Qb7 25. Ra1 Ne8 26. Nd5 Bd8 27. Qd3 f5 28.
Nf4 fxe4 29. Qe2 Bb6 30. Bh3 e3 31. Bxe6+ Kh8 32. Bxd7 exf2+ 33. Kf1 Bxd7 34.
Qh5 Qh1+ 35. Ke2 Qe4+ 36. Kf1 Nf6 37. Qf7 Qh1+ 38. Ke2 f1=Q+ 39. Rxf1 Qe4+ 40.
Kd2 Rxc2+ 41. Kd1 Bg4+ 0-1

[Event "SPICE Cup Open 2018"]
[Site "Saint Louis USA"]
[Date "2018.10.25"]
[Round "4.19"]
[White "Polavaram, Rithik"]
[Black "Eckert, Doug"]
[Result "1/2-1/2"]
[BlackTitle "FM"]
[WhiteElo "2069"]
[BlackElo "2124"]
[WhiteFideId "2081997"]
[BlackFideId "2001993"]
[EventDate "2018.10.23"]

1. d4 Nf6 2. c4 e6 3. Nc3 Bb4 4. e3 O-O 5. Ne2 Re8 6. a3 Bf8 7. d5 a5 8. Ng3 Na6
9. Bd3 Nc5 10. Bc2 exd5 11. cxd5 b5 12. Nxb5 Ba6 13. Nc3 Qb8 14. Nge2 c6 15. h3
cxd5 16. O-O a4 17. Re1 Bc4 18. Nd4 Qa7 19. b4 axb3 20. Nxb3 Nxb3 21. Bxb3 Reb8
22. Bxc4 dxc4 23. e4 Bc5 24. Be3 d6 1/2-1/2

[Event "SPICE Cup Open 2018"]
[Site "Saint Louis USA"]
[Date "2018.10.25"]
[Round "5.1"]
[White "Liang, Awonder"]
[Black "Gledura, Benjamin"]
[Result "1/2-1/2"]
[WhiteTitle "GM"]
[BlackTitle "GM"]
[WhiteElo "2572"]
[BlackElo "2621"]
[WhiteFideId "2056437"]
[BlackFideId "712779"]
[EventDate "2018.10.23"]

1. e4 e5 2. Nf3 Nc6 3. Bb5 a6 4. Ba4 Nf6 5. O-O Be7 6. Re1 b5 7. Bb3 O-O 8. a4
Bb7 9. d3 d6 10. Bd2 b4 11. c3 Rb8 12. cxb4 Bc8 13. b5 axb5 14. axb5 Rxb5 15.
Nc3 Rb8 16. h3 Be6 17. Nd5 Bxd5 18. Bxd5 Nxd5 19. exd5 Nb4 20. Qb3 c5 21. dxc6
Nxc6 22. Qc4 Qd7 23. Ra6 Rfc8 24. Qa4 Rb7 25. Rc1 Nb8 26. Rxc8+ Qxc8 27. Ra7 Bf8
28. Rxb7 Qxb7 29. Qe8 Na6 30. Bc3 1/2-1/2

[Event "SPICE Cup Open 2018"]
[Site "Saint Louis USA"]
[Date "2018.10.25"]
[Round "5.2"]
[White "Bok, Benjamin"]
[Black "Bruzon Batista, Lazaro"]
[Result "1/2-1/2"]
[WhiteTitle "GM"]
[BlackTitle "GM"]
[WhiteElo "2639"]
[BlackElo "2653"]
[WhiteFideId "1017063"]
[BlackFideId "3503739"]
[EventDate "2018.10.23"]

1. Nf3 c5 2. c4 Nc6 3. Nc3 Nf6 4. g3 d5 5. d4 e6 6. cxd5 Nxd5 7. Bg2 cxd4 8.
Nxd4 Nxc3 9. bxc3 Nxd4 10. Qxd4 Qxd4 11. cxd4 Bd6 12. a4 Rb8 13. a5 Bd7 14. Be3
a6 15. f4 Ke7 16. Kf2 Rhc8 17. d5 exd5 18. Bxd5 Bc5 19. Rhc1 Bxe3+ 20. Kxe3 Bc6
21. Rc5 1/2-1/2

[Event "SPICE Cup Open 2018"]
[Site "Saint Louis USA"]
[Date "2018.10.25"]
[Round "5.3"]
[White "Prohaszka, Peter2"]
[Black "Shimanov, Aleksandr"]
[Result "1/2-1/2"]
[WhiteTitle "GM"]
[BlackTitle "GM"]
[WhiteElo "2626"]
[BlackElo "2626"]
[WhiteFideId "726265"]
[BlackFideId "4198603"]
[EventDate "2018.10.23"]

1. d4 Nf6 2. c4 c5 3. d5 g6 4. Nc3 Bg7 5. e4 O-O 6. Nf3 e6 7. Bd3 exd5 8. cxd5
d6 9. h3 a6 10. a4 Nbd7 11. Bf4 Qe7 12. O-O Nh5 13. Bh2 Ne5 14. Be2 Nxf3+ 15.
Bxf3 Nf6 16. e5 dxe5 17. d6 Qe6 18. Re1 Nd7 19. Bd5 Qf6 20. Ne4 Qd8 21. Qc2 Rb8
22. Nxc5 Nb6 23. Rad1 Nxd5 24. Rxd5 b6 25. d7 bxc5 26. dxc8=Q Qxc8 27. Rxc5 Qb7
28. Bxe5 Bxe5 29. Rexe5 Qxb2 30. Qxb2 Rxb2 31. Re4 Rd8 32. Rf4 Rbd2 33. Rc7 R8d7
34. Rxd7 Rxd7 35. Rf6 a5 36. Ra6 Rd1+ 37. Kh2 Rd5 38. g3 h5 39. h4 Kg7 40. Kg2
Rf5 41. Rb6 Rd5 42. Ra6 Rf5 43. Rb6 1/2-1/2

[Event "SPICE Cup Open 2018"]
[Site "Saint Louis USA"]
[Date "2018.10.25"]
[Round "5.4"]
[White "Cori, Jorge"]
[Black "Ostrovskiy, Aleksandr"]
[Result "1-0"]
[WhiteTitle "GM"]
[BlackTitle "IM"]
[WhiteElo "2664"]
[BlackElo "2423"]
[WhiteFideId "3802272"]
[BlackFideId "2034239"]
[EventDate "2018.10.23"]

1. Nf3 d5 2. c4 d4 3. e3 Nc6 4. b4 dxe3 5. fxe3 Nxb4 6. Qa4+ Nc6 7. Nc3 Nf6 8.
Rb1 e6 9. Ne5 Bd6 10. Nxc6 bxc6 11. Qxc6+ Bd7 12. Qf3 O-O 13. Bd3 c5 14. O-O Rc8
15. Bc2 h6 16. Nb5 Bc6 17. Qe2 Bb8 18. Bb2 Nd7 19. Qg4 Qg5 20. Qxg5 hxg5 21. Bc3
a6 22. Na3 Bd6 23. Bd3 f5 24. h3 g6 25. Be2 e5 26. d3 e4 27. Rbd1 exd3 28. Rxd3
Be5 29. Nb1 Rfe8 30. Bxe5 Nxe5 31. Rd2 Nf7 32. Kf2 Re6 33. Bf3 Bxf3 34. gxf3 Rb8
35. Rfd1 Rb4 36. Rc2 Reb6 37. Nd2 Ne5 38. Ke2 Rb2 39. Rdc1 Rxc2 40. Rxc2 Rb4 41.
Nb3 Nxc4 42. Nxc5 Na3 43. Rd2 Rh4 44. Rd6 Rxh3 45. Rxg6+ Kf7 46. Rxg5 Rh2+ 47.
Kd3 Kf6 48. Rg8 Rxa2 49. Rf8+ Kg6 50. Nd7 Nb5 51. Ne5+ Kg7 52. Rf7+ Kg8 53. Rxf5
Ra3+ 54. Kd2 Ra2+ 55. Ke1 Nc3 56. Nc4 Re2+ 57. Kf1 Rc2 58. Rg5+ Kf8 59. Nb6 Ra2
60. Nd5 Nb1 61. Rf5+ Kg7 62. Nb4 Ra3 63. Kf2 a5 64. Nc6 a4 65. Ra5 Nc3 66. e4
Rb3 67. Ra7+ Kg6 68. Nd4 Rb2+ 69. Ke3 Rb4 70. Ra6+ Kf7 71. Kd3 Nb1 72. e5 a3 73.
e6+ Kf6 74. e7+ Kf7 75. Ra8 Rxd4+ 76. Kxd4 Kxe7 77. Kd3 1-0

[Event "SPICE Cup Open 2018"]
[Site "Saint Louis USA"]
[Date "2018.10.25"]
[Round "5.5"]
[White "Cordova, Emilio"]
[Black "Durarbayli, Vasif"]
[Result "0-1"]
[WhiteTitle "GM"]
[BlackTitle "GM"]
[WhiteElo "2609"]
[BlackElo "2629"]
[WhiteFideId "3801497"]
[BlackFideId "13402935"]
[EventDate "2018.10.23"]

1. Nf3 Nf6 2. c4 c6 3. b3 d5 4. Bb2 Bf5 5. g3 e6 6. Bg2 Nbd7 7. O-O h6 8. d4 Be7
9. Nc3 O-O 10. e3 Ne4 11. Qe2 Qa5 12. Rfc1 Rac8 13. a3 Qa6 14. a4 Nxc3 15. Bxc3
Be4 16. Bf1 dxc4 17. bxc4 c5 18. Nd2 cxd4 19. exd4 Bg6 20. a5 Nf6 21. Bg2 Rfd8
22. Bf3 Rd7 23. h4 Rdc7 24. h5 Bf5 25. g4 Bh7 26. Qe3 Ne8 27. Be2 Qd6 28. f4 Qd8
29. Bb2 b6 30. axb6 axb6 31. Bc3 Bf8 32. Ra6 Rb7 33. Bf3 Rd7 34. Raa1 Nd6 35.
Bb2 Rdc7 36. Be2 Kh8 37. Kg2 f5 38. g5 hxg5 39. fxg5 f4 40. Qe5 Nf5 41. Nf3 Ne3+
42. Kg1 Bd6 43. Qb5 Be4 44. Kf2 Ng4+ 45. Ke1 e5 46. h6 Bc6 47. Qb3 e4 48. d5
exf3 49. hxg7+ Rxg7 50. Bxg7+ Kxg7 51. Ra7+ Bd7 52. Bxf3 Qe7+ 53. Kf1 Ne3+ 54.
Kf2 Bc5 55. Rh1 Nxc4+ 0-1

[Event "SPICE Cup Open 2018"]
[Site "Saint Louis USA"]
[Date "2018.10.25"]
[Round "5.6"]
[White "Lenderman, Aleksandr"]
[Black "Wang, Justin"]
[Result "1-0"]
[WhiteTitle "GM"]
[BlackTitle "FM"]
[WhiteElo "2626"]
[BlackElo "2377"]
[WhiteFideId "2021285"]
[BlackFideId "30911370"]
[EventDate "2018.10.23"]
[EventType "swiss"]

1. d4 Nf6 2. c4 e6 3. Nc3 Bb4 4. Qc2 O-O 5. Nf3 c5 6. dxc5 Na6 7. g3 Nxc5 8. Bg2
b6 9. O-O Bb7 10. Nb5 Be4 11. Qd1 Nb7 12. a3 Be7 13. Bf4 Rc8 14. Rc1 a6 15. Nc3
Bxf3 16. Bxf3 Na5 17. b4 Nxc4 18. Bb7 Nh5 19. Bxc8 Qxc8 20. Bd2 b5 21. e4 Qb7
22. Qe2 Nf6 23. Rfd1 h6 24. e5 Nh7 25. Qe4 Qc7 26. Bf4 Ng5 27. Qg2 Rd8 28. h4
Nh7 29. Ne4 Qb6 30. Qf3 Nf8 31. Nd2 Nb2 32. Re1 Qb8 33. Rc2 Na4 34. h5 Nb6 35.
Ne4 Nd5 36. Rd1 Nh7 37. Rxd5 exd5 38. Nf6+ Bxf6 39. exf6 Qa8 40. fxg7 d4 41.
Qxa8 Rxa8 42. Bxh6 Re8 43. Rd2 Re6 44. Bf4 Kxg7 45. Rxd4 Nf6 46. Be3 Nxh5 47.
Rxd7 Kg6 48. Kg2 Nf6 49. Rd8 Ne8 50. Bf4 Kf6 51. Ra8 Ng7 52. Be3 Kg6 53. Kf3 Nf5
54. Bc5 f6 55. Kf4 Ng7 56. g4 Kf7 57. f3 Kg6 58. Ra7 Re5 59. Kg3 Re6 60. f4 f5
61. Bd4 Ne8 62. Be5 Rc6 63. g5 Re6 64. Kh4 Rc6 65. Re7 Rc8 66. Re6+ Kf7 67. Rxa6
Rc1 68. g6+ Ke7 69. Kg5 Rg1+ 70. Kxf5 Kd7 71. Ra7+ Kc6 72. Re7 Nd6+ 73. Bxd6
Kxd6 74. Re3 Kd5 75. Kf6 Kd4 76. Re8 Kc4 77. g7 1-0

[Event "SPICE Cup Open 2018"]
[Site "Saint Louis USA"]
[Date "2018.10.25"]
[Round "5.7"]
[White "Escalante Ramirez, Brian Sebasti"]
[Black "Nyzhnyk, Illya"]
[Result "1/2-1/2"]
[WhiteTitle "IM"]
[BlackTitle "GM"]
[WhiteElo "2442"]
[BlackElo "2626"]
[WhiteFideId "3819566"]
[BlackFideId "14118084"]
[EventDate "2018.10.23"]

1. e4 e6 2. d4 d5 3. exd5 exd5 4. Nf3 Nf6 5. Bd3 Bd6 6. Qe2+ Qe7 7. Qxe7+ Bxe7
8. Bf4 c6 9. O-O h6 10. Re1 Be6 11. Nbd2 Nbd7 12. Nf1 O-O 13. Ng3 Rfe8 14. Nf5
Bxf5 15. Bxf5 Nb6 16. Re2 Bb4 1/2-1/2

[Event "SPICE Cup Open 2018"]
[Site "Saint Louis USA"]
[Date "2018.10.25"]
[Round "5.8"]
[White "Patel, Advait"]
[Black "Quesada Perez, Yuniesky"]
[Result "1-0"]
[WhiteTitle "IM"]
[BlackTitle "GM"]
[WhiteElo "2461"]
[BlackElo "2622"]
[WhiteFideId "2075105"]
[BlackFideId "3504409"]
[EventDate "2018.10.23"]

1. e4 c5 2. Nf3 e6 3. d4 cxd4 4. Nxd4 Nc6 5. Nc3 Qc7 6. Be2 a6 7. O-O Nf6 8. Be3
Be7 9. f4 d6 10. Qe1 O-O 11. Qg3 Bd7 12. Rae1 b5 13. a3 Nxd4 14. Bxd4 Bc6 15.
Bd3 Rad8 16. Kh1 Qd7 17. e5 dxe5 18. Bxe5 Nh5 19. Qh3 g6 20. Ne4 f6 21. Bc3 Bxe4
22. Bxe4 f5 23. Bf3 Nf6 24. Re2 Nd5 25. Rd1 Bf6 26. Bxd5 exd5 27. Bxf6 Rxf6 28.
Rde1 Rf7 29. Qh4 Rdf8 30. Qf2 Qc7 31. c3 Rd7 32. Re5 Qc4 33. Rd1 d4 34. cxd4
Rfd8 35. Qe3 Kf8 36. d5 Qc2 37. Re1 Qc7 38. Qd4 Kg8 39. h3 Qc4 40. Qe3 Qc7 41.
Re6 Rf8 42. Rd1 Qc4 43. d6 Qc6 44. Rd4 Qc5 45. Kh2 Kg7 46. b4 Qc6 47. Re7+ Rf7
48. Qe5+ Kh6 49. Re8 Qc3 50. Rg8 Qxa3 51. Qe1 Kh5 52. g4+ fxg4 53. Rd5+ Rf5 54.
Rxf5+ 1-0

[Event "SPICE Cup Open 2018"]
[Site "Saint Louis USA"]
[Date "2018.10.25"]
[Round "5.9"]
[White "Santarius, Erik"]
[Black "Tang, Andrew"]
[Result "0-1"]
[WhiteTitle "IM"]
[BlackTitle "GM"]
[WhiteElo "2404"]
[BlackElo "2469"]
[WhiteFideId "2025817"]
[BlackFideId "2059630"]
[EventDate "2018.10.23"]

1. d4 d5 2. c4 e6 3. Nf3 Nf6 4. g3 dxc4 5. Bg2 Nc6 6. Qa4 Bd7 7. Qxc4 Na5 8. Qd3
c5 9. O-O Bc6 10. Nc3 Be7 11. Rd1 O-O 12. Ne5 Bxg2 13. Kxg2 Qc7 14. Bf4 Rfd8 15.
e3 cxd4 16. exd4 Qb6 17. b3 Nc6 18. Nf3 Rac8 19. a3 Nd5 20. Na4 Nxf4+ 21. gxf4
Qa5 22. Qe4 Qb5 23. Rd3 Bf6 24. Rad1 Ne7 25. Ne5 Qd5 26. f3 b6 27. R1d2 Qb5 28.
Nb2 Nd5 29. Nbc4 g6 30. Ne3 Bg7 31. Nxd5 Rxd5 32. Nc4 Qd7 33. a4 Re8 34. Ne5 Qc7
35. Qe2 Rc8 36. Qe3 Bh6 37. Re2 Kg7 38. Kg3 Kf8 39. h4 Kg7 40. Re1 Qe7 41. Qe4
Rc2 42. Rde3 Rd2 43. Rd3 Rxd3 44. Nxd3 Qd6 45. Nf2 Rxd4 46. Qe5+ Qxe5 47. fxe5
Rb4 48. Re4 Rxb3 49. Rc4 a5 50. Ne4 Be3 51. Nd6 Bc5 52. Kf4 Rb4 53. Re4 Kf8 54.
Kg5 Ke7 55. Nb5 Rxe4 56. fxe4 h5 57. Kf4 Bf2 58. Nd6 Bxh4 59. Nc8+ Kf8 60. Nxb6
g5+ 61. Ke3 Be1 62. Nc4 Kg7 63. Kf3 Kg6 64. Ke2 Bc3 65. Kf3 g4+ 66. Kf4 Kg7 67.
Kg3 Be1+ 68. Kf4 Kf8 69. Nd6 Bc3 70. Nc4 Ke7 71. Kg3 Be1+ 72. Kf4 f6 73. exf6+
Kxf6 74. e5+ Kg6 75. Nd6 Bd2+ 76. Kg3 Bg5 77. Nc4 Kf5 78. Nxa5 h4+ 79. Kf2 Bf4
80. Nc6 g3+ 0-1

[Event "SPICE Cup Open 2018"]
[Site "Saint Louis USA"]
[Date "2018.10.25"]
[Round "5.10"]
[White "Ghazarian, Kirk"]
[Black "Wang, Kevin"]
[Result "1/2-1/2"]
[BlackTitle "IM"]
[WhiteElo "2222"]
[BlackElo "2447"]
[WhiteFideId "30908604"]
[BlackFideId "2008424"]
[EventDate "2018.10.23"]

1. d4 Nf6 2. c4 c5 3. d5 e6 4. Nc3 exd5 5. cxd5 d6 6. Nf3 g6 7. Bf4 a6 8. a4 Bg7
9. e3 Bg4 10. Be2 Bxf3 11. Bxf3 O-O 12. h4 Qb6 13. Qd2 Nbd7 14. O-O Ne8 15. e4
Ne5 16. Be2 Qd8 17. h5 Nc7 18. hxg6 hxg6 19. g3 b5 20. axb5 axb5 21. Rxa8 Qxa8
22. Kg2 b4 23. Nd1 f5 24. f3 fxe4 25. fxe4 Qe8 26. b3 Nf7 27. Bd3 Nb5 28. Bxb5
Qxb5 29. Nf2 Ra8 30. Rb1 Ra3 31. Nh3 Qa6 32. Qd1 Ra2+ 33. Kf3 Bd4 34. g4 Kg7 35.
Rc1 Rb2 36. Rb1 Ra2 37. Rc1 Kf6 38. g5+ Kg7 39. Rc2 Ra1 40. Bc1 Ne5+ 41. Kg3 Nd3
42. Qf1 Nxc1 43. Qxa6 Rxa6 44. Rxc1 Ra3 45. Nf4 Rxb3+ 46. Kg4 Re3 47. Ne6+ Kf7
48. Rf1+ Ke7 49. Rh1 Rxe4+ 50. Kf3 Re3+ 51. Kf4 Rxe6 52. Rh7+ Ke8 53. dxe6 d5
54. Rb7 Bc3 55. Rb5 Bd4 56. Rb7 Bc3 57. Rb5 Ke7 58. Rxc5 d4 59. Ke4 Kxe6 60.
Rc6+ Kf7 61. Rc7+ Ke8 62. Rc6 1/2-1/2